| 000 | 00408nam a2200157Ia 4500 | ||
|---|---|---|---|
| 008 | 230312s9999||||xx |||||||||||||| ||und|| | ||
| 020 | _a81-7439-038-3 | ||
| 082 |
_a650 _bINN |
||
| 100 | _aLen D' Innocenzo | ||
| 245 | 0 | _aCustomer-Focused Selling | |
| 260 |
_bVelocity Business _aUSA _c2000 |
||
| 300 | _a110 | ||
| 546 | _aEng. | ||
| 650 |
_aManagement _vPlan to establish trust, creat interest |
||
| 942 | _cBK | ||
| 999 |
_c1315 _d1315 |
||